01004nam a2200253 a 450000100060000000300090000600800410001502000150005604000280007108200170009910000770011624500420019326000400023530000110027550000590028650501830034565000340052865000370056265000320059965000390063165000210067065000210069165000380071215075CO-ViMGA141112s2004 ck r 000 u spa d a9580461597 aCO-ViMGAbspacCO-ViMGA04a907 E761 - 61 aCampos Rodriguez, Dario; Ibarra Yepes, Ana Rosalba; Gutierrez Rey, Franz10aEspacios 6 : bHistoria y Geografía aBogotá, cEditorial Norma, c2001 a400.p. aCada libro consta de 2 partes, Historia y Geografia.  aLa antiguedad Desarrollo de las sociedades antiguas Transformacion de las sociedades antiguas . Componentes del planeta tierra Geografía humana Geografía del mundo Sociales 614aAFRICA - HISTORIA - SIGLO XVI14aAmérica - HISTORIA - SIGLO XVI14aEUROPA - HISTORIA - SIGLO V14aGEOGRAFIA - ENSEÑANZA SECUNDARIA14aGEOGRAFIA FISICA14aGEOGRAFIA HUMANA14aHISTORIA - ENSEÑANZA SECUNDARIA